书目信息 |
| 题名: |
巧辨形近字
|
|
| 作者: | 冉红 著 | |
| 分册: | 1 | |
| 出版信息: | 北京 中国盲文出版社 2020.5 |
|
| 页数: | 185页 | |
| 开本: | 24cm | |
| 丛书名: | ||
| 单 册: | ||
| 中图分类: | G624.223 | |
| 科图分类: | ||
| 主题词: | 汉字--字形--小学--教学参考资料 | |
| 电子资源: | ||
| ISBN: | 978-7-5002-9115-2 | |
| 000 | 00863nam0 2200241 45 | |
| 001 | 012001003072 | |
| 005 | 20140824103544.0 | |
| 010 | @a978-7-5002-9115-2@dCNY33.80 | |
| 100 | @a20210624d2020 cd y0chiy0110 ea | |
| 101 | 0 | @achi |
| 102 | @aCN@b110000 | |
| 105 | @aa z 000yy | |
| 106 | @ar | |
| 200 | 1 | @a巧辨形近字@Aqiao bian xing jin zi@h1@f冉红著@FRan Hong Zhu |
| 210 | @a北京@c中国盲文出版社@d2020.5 | |
| 215 | @a185页@c图@d24cm | |
| 300 | @a国家彩票公益金资助·大字版 | |
| 330 | @a本书里的故事融趣味性、知识性、思想性为一体,对小学生的语文学习和成绩提升很有帮助,对想象力培养和思路的拓展大有裨益。主要内容包括:木本、干土、天夫、人入、元无、日曰、天夭、开升、鸟乌、牛午等。 | |
| 606 | 0 | @a汉字@x字形@x小学@j教学参考资料 |
| 690 | @aG624.223@v5 | |
| 701 | 0 | @a冉红@ARan Hong@4著 |
| 801 | @aCN@bAHXH@c20210922 | |
| 905 | @b1283321-5@dG624.223@e2000@f5 | |
| 巧辨形近字.1/冉红著.-北京:中国盲文出版社,2020.5 |
| 185页:图;24cm |
| 国家彩票公益金资助·大字版 |
| ISBN 978-7-5002-9115-2:CNY33.80 |
| 本书里的故事融趣味性、知识性、思想性为一体,对小学生的语文学习和成绩提升很有帮助,对想象力培养和思路的拓展大有裨益。主要内容包括:木本、干土、天夫、人入、元无、日曰、天夭、开升、鸟乌、牛午等。 |
| ● |
| 相关链接 |
|
|
|
|
正题名:巧辨形近字
索取号:G624.223/2000
 
预约/预借
| 序号 | 登录号 | 条形码 | 馆藏地/架位号 | 状态 | 备注 |
| 1 | 1283321 | 212833219 | 第一样本阅览室/ [索取号:G624.223/2000] | 在馆 | |
| 2 | 1283322 | 212833228 | 教育系资料室/ [索取号:G624.223/2000] | 在馆 | |
| 3 | 1283323 | 212833237 | 教育系资料室/ [索取号:G624.223/2000] | 在馆 | |
| 4 | 1283324 | 212833246 | 第四借阅区/ [索取号:G624.223/2000] | 在馆 | |
| 5 | 1283325 | 212833255 | 第四借阅区/ [索取号:G624.223/2000] | 在馆 |